| 000 | 01123nam a2200229Ia 4500 | ||
|---|---|---|---|
| 003 | OSt | ||
| 005 | 20260421151034.0 | ||
| 008 | 191128s2009 ck ao gr 000 0bspa d | ||
| 020 | _a9789584400482 | ||
| 040 |
_aCO-JMCR _cCO-JMCR _bspa _dCO-JMCR _erda |
||
| 082 |
_b G633a _a364.1523 |
||
| 100 | 1 |
_aGómez Osorio, Miguel, _e autor _91714 |
|
| 245 | 1 | 0 |
_aAsalto 16 confesiones de la centella negra : _bel encuentro Kid Pambelé / _cMiguel Gómez Osorio |
| 250 | _aQuinta edición | ||
| 260 |
_aBogotá : _bAndina, _c2009 |
||
| 300 |
_a163 páginas : _bfotografías ; _c22 cm. |
||
| 520 | _aPor la avenida sexta de la sultana del Valle, se ubica una panadería francesa donde amasan un exquisito pan, es un recinto de tertulia, concurrido por incontables políticos de los cañaberales; allí se disertan los sucesos del diario acontecer, tanto de la gobernación como de la Alcaldía municipal; de maquiavelicas aspiraciones de nuevos grupos políticos, de la debacle de los actuales , etc. | ||
| 546 | _aspa | ||
| 650 | 1 | 4 |
_aEnsayos colombianos _xBoxeadores _91715 |
| 650 | 2 | 4 |
_aRelatos _zColombiA _91716 |
| 942 |
_2ddc _cBK |
||
| 999 |
_c4388 _d4388 |
||